[Event "New York Marshall 03"]
[Site "New York"]
[Date "2024.03.03"]
[Round "5"]
[White "Dong, Kyle Qiyu"]
[Black "Peterson, Ryan H"]
[Result "0-1"]
[WhiteElo "1966"]
[BlackElo "2025"]
[PlyCount "106"]
[EventDate "2024.03.01"]
[EventType "swiss"]
[EventRounds "5"]
[EventCountry "USA"]
[SourceTitle "CB10_2024"]
[SourceDate "2024.03.06"]
[SourceVersion "1"]
[SourceVersionDate "2024.03.06"]
[SourceQuality "1"]

1. Nf3 Nf6 2. c4 c5 3. Nc3 Nc6 4. g3 d5 5. cxd5 Nxd5 6. Bg2 Nc7 7. d3 e5 8. 0-0 Be7 9. b3 0-0 10. Bb2 Re8 11. Rc1 Bf8 12. a3 Nd4 13. Na4 Na6 14. Re1 Rb8 15. Nc3 Be6 16. Nxd4 exd4 17. Ne4 b5 18. Qc2 h6 19. e3 Rc8 20. Nd2 Qb6 21. Qb1 dxe3 22. fxe3 Rcd8 23. d4 Nb8 24. Kh1 Qa5 25. Ne4 cxd4 26. b4 Qa6 27. exd4 Bd5 28. Kg1 Qb7 29. Qd3 Nd7 30. Bf3 a6 31. Nd2 Nb6 32. Kf2 Rxe1 33. Rxe1 Bxf3 34. Qxf3 Qc8 35. Rc1 Qe6 36. Rc6 Rd6 37. Rc1 Na4 38. Ba1 Qa2 39. Qe3 Re6 40. Qd3 Nb6 41. Rd1 Nd5 42. Qb3 Rf6+ 43. Ke2 Re6+ 44. Kf2 Qxb3 45. Nxb3 Re3 46. Rb1 h5 47. Rb2 Bd6 48. Rb1 g5 49. Nc5 Rxa3 50. Ne4 Be7 51. Re1 Bxb4 52. Rc1 Ra2+ 53. Kf3 g4# 0-1